000 00651nam a22002177a 4500
003 UA-OsUOA
001 83832
007 ta
008 20120507b un ||||| |||| 00| 0 ukr d
100 _aВертій О.
090 _a82
_bВ35
942 _cSA
040 _aUA-OsUOA
_bukr
_cUA-OsUOA
_dUA-OsUOA
245 _aМетодика вивчення української літератури на сучасному етапі: основні ознаки і поняття
300 _aС.28-37
955 _a0
041 _aukr
080 _a82
773 0 _w83829
650 7 _a82 Література. Літературознавство
_2UDC
999 _c370135
_d370135